Southville International School and Colleges
Your cart is empty.
  • Cart
  • Lists
    Public lists Eva Luna New books Lux_list list_1
    Your lists Log in to create your own lists
  • Log in to your account
  • Your cookies
  • Search history
Southville International School and Colleges
  • Advanced search
  • Recent comments
  • Most popular
  • Libraries

Log in to your account

Log in with GOOGLE


If you do not have an external account, but do have a local account, you can still log in:

  1. Home
  2. MARC view: Interactive dashboard for IXL report generation and student progress monitoring development plan
Normal view MARC view ISBD view

Interactive dashboard for IXL report generation and student progress monitoring development plan (Record no. 367009)

[ view plain ]
MARC details
000 -LEADER
fixed length control field 00814nam a22002057a 4500
003 - CONTROL NUMBER IDENTIFIER
control field 0
005 - DATE AND TIME OF LATEST TRANSACTION
control field 20250117101929.0
008 - FIXED-LENGTH DATA ELEMENTS--GENERAL INFORMATION
fixed length control field 250117b xxu||||| |||| 00| 0 eng d
050 ## - LIBRARY OF CONGRESS CALL NUMBER
Classification number LB 1028.5
Item number .D36 2024
100 ## - MAIN ENTRY--PERSONAL NAME
Personal name De los Santos, Jhona
245 ## - TITLE STATEMENT
Title Interactive dashboard for IXL report generation and student progress monitoring development plan
Statement of responsibility, etc Jhona De los Santos
260 ## - PUBLICATION, DISTRIBUTION, ETC. (IMPRINT)
Place of publication, distribution, etc Las Pinas City
Name of publisher, distributor, etc Southville International School and Colleges
Date of publication, distribution, etc 2024
300 ## - PHYSICAL DESCRIPTION
Extent xii, 90 pages :
Other physical details illustrations ;
Dimensions 28cm.
504 ## - BIBLIOGRAPHY, ETC. NOTE
Bibliography, etc Includes bibliographical references and appendices.
650 ## - SUBJECT ADDED ENTRY--TOPICAL TERM
Topical term or geographic name as entry element Educational Technology-- digital learning tools.
650 ## - SUBJECT ADDED ENTRY--TOPICAL TERM
Topical term or geographic name as entry element IXL--digital learning tools.
650 ## - SUBJECT ADDED ENTRY--TOPICAL TERM
Topical term or geographic name as entry element IXL--data visualization--dashboards.
650 ## - SUBJECT ADDED ENTRY--TOPICAL TERM
Topical term or geographic name as entry element Student Progress Monitoring--assessment .
942 ## - ADDED ENTRY ELEMENTS (KOHA)
Source of classification or shelving scheme Library of Congress Classification
Koha item type Theses
Holdings
Withdrawn status Lost status Source of classification or shelving scheme Damaged status Home library Current library Shelving location Date acquired Source of acquisition Sub Shelving location Total Checkouts Full call number Barcode Date last seen Price effective from Koha item type
    Library of Congress Classification   College Library College Library Theses Section 01/17/2025 Donation     LB 1028.5 .D36 2024 T1251 01/17/2025 01/17/2025 Theses

Interactive dashboard for IXL report generation and student progress monitoring development plan

APA

De los Santos J., . (2024). Interactive dashboard for IXL report generation and student progress monitoring development plan. Las Pinas City: Southville International School and Colleges.

Chicago

De los Santos Jhona, . 2024. Interactive dashboard for IXL report generation and student progress monitoring development plan. Las Pinas City: Southville International School and Colleges.

Harvard

De los Santos J., . (2024). Interactive dashboard for IXL report generation and student progress monitoring development plan. Las Pinas City: Southville International School and Colleges.

MLA

De los Santos Jhona, . Interactive dashboard for IXL report generation and student progress monitoring development plan. Las Pinas City: Southville International School and Colleges. 2024.

  • Print
  • Cite
  • Add to your cart (remove)
  • Save record
    BIBTEX Dublin Core MARCXML MARC (non-Unicode/MARC-8) MARC (Unicode/UTF-8) MARC (Unicode/UTF-8, Standard) MODS (XML) RIS
  • More searches
    Search for this title in:
    Other Libraries (WorldCat) Other Databases (Google Scholar) Online Stores (Bookfinder.com) Open Library (openlibrary.org)

Exporting to Dublin Core...

SOUTHVILLE LIBRARY

Southville International School and Colleges Library

1281 Tropical Ave. Cor. Luxembourg St., BF Homes International, Las Pinas City

Tel. No. 8256374 / 252358 Loc. 117/146

Powered by Koha